Lenka - Quo vadis

Main Author: Filipová, Lenka, 1954-
Corporate Author: Pražákovo kvarteto
Other Authors: Regal, Stanislav, 1916-1999
Language: Czech
Published: Praha : Sony Music Bonton, p2000
Physical Description: 1 CD ; 12 cm + 1 složený list.
Audio
Saved in:
LEADER 01958njm a2200589 a 4500
001 000373437
003 CZ BrMZK
005 19980105143423.0
008 980105s2000 xr f cze d
028 0 3 |a 493157 2  |b Sony Music Bonton 
040 |a BOA001  |b cze 
080 |a 784.4"198"(086.7)  |2 MRF 
100 1 |a Filipová, Lenka,  |d 1954-  |7 jn19981001128  |4 prf 
245 1 0 |a Lenka - Quo vadis  |h [zvukový záznam] /  |c Lenka Filipová. 
246 3 3 |a Our love is our happy home 
246 3 3 |a Proč se ptát 
246 3 3 |a Prý s etomu říká láska 
246 3 3 |a Pár písní mít 
246 3 3 |a Quo vadis? 
246 3 3 |a Sate histoire 
246 3 3 |a <<The >>rain 
246 3 3 |a Tonight's the night 
246 3 3 |a Ty si ten pravý 
246 3 3 |a Vždyť mě znáš 
246 3 3 |a Věnování 
246 3 3 |a Až budem to mít 
246 3 3 |a Can i see you tonight 
246 3 3 |a Charly 
246 3 3 |a Chtěla bych zůstat, jakou mě znáš 
246 3 3 |a Dopis na polštář 
246 3 3 |a Et comme cá, un jour 
246 3 3 |a Hopeless case 
246 3 3 |a Jenou ano, jednou ne 
246 3 3 |a Ještě jsem tu, lásko přece já 
246 3 3 |a Jsem tvá 
246 3 3 |a Lettre a un reveur 
246 3 3 |a Marin d'eau 
246 3 3 |a Mona Lisa 
260 |a Praha :  |b Sony Music Bonton,  |c p2000 
300 |a 1 CD ;  |c 12 cm +  |e 1 složený list. 
306 |a 011831 
500 |a Durata 78:31 
500 |a Nahr. 1982 
505 2 |a Věnování, Chtěla bych zůstat jakou mě znáš, Proč se ptám ... [ et al.] 
511 0 |a Stan Regal, kytara. Pražákovo kvarteto 
653 0 |a populární hudba  |a populární písně 
700 1 |a Regal, Stanislav,  |d 1916-1999  |7 ola200202593  |4 prf 
710 2 |a Pražákovo kvarteto  |7 kn20030215180 
910 |a BOA001  |b CD-0008.709 
964 |a Hudba populární  |z stol.20.,léta 80.  |x CD 
990 |a AV 
996 6 |b 261H009412  |c CD-0008.709  |l MZK  |r Sklad / do 24 hodin  |n 0  |p p.v.  |w 000373437  |u 000010  |a 1  |e BOA001  |j MZK50  |s P